| 000 | 01264nam a2200229Ia 4500 | ||
|---|---|---|---|
| 003 | Ost | ||
| 005 | 20260507075013.0 | ||
| 008 | 260507s9999||||xx |||||||||||||| ||und|| | ||
| 020 | _a9957111655 | ||
| 040 | _cfsecg | ||
| 041 | _aara | ||
| 082 | _a658.7 | ||
| 100 |
_aالعلى، عبد الستار محمد _eمؤلف |
||
| 245 | 0 |
_aالإدارة الحديثة للمخازن والمشتريات : _bإدارة سلسلة التوريد / _c عبد الستار محمد العلى |
|
| 250 | _aطبعة 2 | ||
| 260 |
_aعمان: _bدار وائل للنشر, _c2006 |
||
| 300 |
_a382 صفحة؛ _bإيضاحات ؛ _c24 سم |
||
| 520 | _aمفهوم وطبيعة المخزون-المستودعات-تقييم وقياس المخزون-نماذج المخزون الإقتصادي-أنواع الطلب وأنظمة الشراء-المشتريات-تخطيط المتطلبات المادية-نظام الجدولة الآنية-إدارة الموارد والتزويد-إدارة سلسلة التوريد-مخزون المواد تحت الصنع ونظرية القيود-إدارة الجودة الشاملة وإدارة المواد | ||
| 653 | _aإداارة المشتريات | ||
| 653 | _aإدارة المخازن | ||
| 942 | _cكتاب | ||
| 999 |
_c42183 _d42183 |
||